| 000 | 00845cam a2200229 4500 | ||
|---|---|---|---|
| 001 | WB3633-28 | ||
| 008 | 000000n2000 000 0 eng u | ||
| 035 | _a(Sirsi) u107958 | ||
| 245 | _aAlternative to leasehold | ||
| 260 | _c2000 | ||
| 490 |
_aLord Chancellor's Department Press Release _v(303-00) 21 August 2000 (11) |
||
| 520 | _aA complete summary of the proposals for Commonhold and Leasehold Reform, to improve the rights of leaseholders in England and Wales, and a new scheme for the ownership of flats. The bill and consultation paper are also at www.open.gov.uk/lcd | ||
| 590 | _aWB | ||
| 650 | _aLEASEHOLD REFORM | ||
| 650 | _aRESIDENTIAL LEASES | ||
| 650 | _aFLAT OWNERSHIP | ||
| 650 | _aCOMMONHOLD | ||
| 650 | _aCONSULTATION | ||
| 650 | _aLEASEHOLDERS | ||
| 690 | _aLANDLORD AND TENANT-LEASEHOLD REFORM | ||
| 942 | _n0 | ||
| 999 |
_c64491 _d64491 |
||